Países por Gasto Militar - Statistics

Estatísticas Gerais
  • Esse quiz foi jogado 5 248 vezes
  • A pontuação média é 17 de 20
Estatísticas das Respostas
Gasto País % Correto
$801 bi Estados Unidos
100%
$65.9 bi Rússia
99%
$19.2 bi Brasil
98%
$293 bi China
98%
$56.6 bi França
94%
$56.0 bi Alemanha
93%
$54.1 bi Japão
91%
$76.6 bi Índia
89%
$68.4 bi Reino Unido
89%
$26.4 bi Canadá
88%
$50.2 bi Coreia do Sul
88%
$19.5 bi Espanha
86%
$32.0 bi Itália
84%
$24.6 bi Irã
82%
$31.8 bi Austrália
81%
$24.3 bi Israel
74%
$55.6 bi Arábia Saudita
71%
$15.5 bi Turquia
63%
$13.7 bi Polônia
55%
$13.8 bi Países Baixos
46%
Nenhum quiz correspondente encontrado
Distribuição das Pontuações
Porcentagem de Pessoas com Cada Pontuação
Percentil de Números Respondidos
Sua Pontuação Histórica
Você não jogou esse quiz